000 00703nam a22002177a 4500
999 _c20353
_d20353
003 AR-CdUCM
008 190529b ||||| |||| 00| 0 spa d
040 _aMUNICIPALIDAD PROVINCIAL DEL CUSCO
_cBIBLIOTECA MUNICIPAL DEL CUSCO
082 _a630 /
_bS68
100 _aSorca y Pineda, José María de.
_942566
245 _aDiccionario de agricultura /
260 _aBarcelona :
_bLabor,
_c1968.
300 _a1008 páginas ;
_c26 cm.
_b123 dibujos.
505 _aContenido: Apicultura -- Avicultura -- Caballar...
650 _aCunicultura
_942567
650 _aEnología
_942568
650 _aPajaros
_922535
700 _aAguirre Andrés, Jesús
_942569
942 _2ddc
_cLIBROS
945 _aJavier